| 000 | 00793nam a22001695i 4500 | ||
|---|---|---|---|
| 001 | 152896 | ||
| 003 | ES-MaACL | ||
| 005 | 20230906204921.0 | ||
| 008 | 940206s1876 sp |||| | spa d | ||
| 100 | 1 |
_aBusto y López, Andrés del. _932918 |
|
| 245 | 1 | 0 |
_aDel destino de la doctrina celular en las teorías médicas reinantes / _cdiscurso del Presidente de la sociedad histológica de Madrid D. Andrés del Busto y Lopez en la inauguracion de la Escuela Práctica de la misma el dia 30 de abril de 1876. |
| 260 |
_aMadrid : _b[s.n.], _c1876 ( _fImp. de Jose M. Ducazcal) |
||
| 300 |
_a127 p. ; _c21 cm. |
||
| 650 | 4 |
_aHistología. _9164981 |
|
| 710 | 2 |
_aSociedad Histológica de Madrid. _96783 |
|
| 852 |
_aES-MaACL _jT-623-F _z- Enc. hol., falto de cub. original _z- Enc. en un vol. facticio |
||
| 999 |
_c152896 _d152896 |
||